00467 2200193 4500245005300000020001800053250001100071100001800082700001700100700002000117650001700137005001900154260003100173041001400204084001300218300002200231336000900253338001100262 aA Stranger in KitsunegaharacHigaki, ReikohText a9789792334333 aCet. 1 aHigaki, Reiko aYoke Yuliana aIne Martiana K. aKomik Jepang a20230202092735 aJakartabPT Gramediac2009 aIndonesia a741.5592 ailus. :c17,5 cm. atext avolume